[Event "Madras zt (Women)"]
[Site "Madras"]
[Date "1995.??.??"]
[Round "2"]
[White "Navabi, Shirin"]
[Black "Mohota, Nisha"]
[Result "1/2-1/2"]
[WhiteElo "2000"]
[BlackElo "2000"]

1.c4 c6 2.Nf3 d5 3.b3 Bf5 4.Bb2 e6 5.g3 Nf6 6.d3 Bc5 7.Bg2 dxc4 8.d4 Bb4+
9.Kf1 cxb3 10.Qxb3 Qe7 11.Nbd2 Na6 12.a3 Bxd2 13.Nxd2 O-O 14.Rc1 Rfd8 15.Nc4 Rab8
16.Ne5 Nc7 17.Qa4 Ra8 18.Qb3 Ncd5 19.Bf3 Ne4 20.Bxe4 Bxe4 21.f3 Bg6 22.h4 f6
23.Nxg6 hxg6 24.h5 gxh5 25.Rxh5 g6 26.Rh4 Kg7 27.e4 Nb6 28.Kg2 Rh8 29.Rch1 Rxh4
30.Rxh4 Rh8 31.Rxh8 Kxh8 32.a4 Kg7 33.Ba3 Qf7 34.a5 Nc8 35.Qc3 a6 36.Qc5 Kg8
37.Kf2 Qe8 38.d5 exd5  1/2-1/2

[Event "Madrid"]
[Site "Madrid"]
[Date "1995.??.??"]
[Round "3"]
[White "Salov, Valery"]
[Black "Beliavsky, Alexander G"]
[Result "1/2-1/2"]
[WhiteElo "2715"]
[BlackElo "2650"]

1.c4 c6 2.e4 d5 3.exd5 cxd5 4.d4 Nf6 5.Nc3 e6 6.Nf3 Be7 7.cxd5 Nxd5 8.Bd3 O-O
9.O-O Nc6 10.Re1 Nf6 11.a3 b6 12.Bg5 Bb7 13.Bc2 Nd5 14.Qd3 g6 15.h4 Bxg5
16.Nxg5 Nce7 17.Qf3 Nxc3 18.Qxb7 Ncd5 19.Qa6 Rc8 20.Be4 Rc7 21.Rad1 Nf6 22.Bb1 Qd5
23.Nf3 Qc4 24.Qxc4 Rxc4 25.Ne5 Rcc8 26.g4 Rfd8 27.Kg2 Nc6 28.g5 Nh5 29.Nxc6 Rxc6
30.Rd2 Rcd6 31.Red1 Nf4+ 32.Kf3 Nd5 33.Rc1 Ne7 34.Rc7 Nc6 35.d5 exd5 36.Ba2 Kg7
37.Kg3 a6 38.Rxd5 Rxd5 39.Bxd5 Rxd5 40.Rxc6 Rd3+ 41.f3  1/2-1/2

[Event "Mainz op"]
[Site "Mainz"]
[Date "1995.??.??"]
[Round "3"]
[White "Sher, Miron N"]
[Black "Schulze, Hanjo"]
[Result "1-0"]
[WhiteElo "2510"]
[BlackElo "2215"]

1.c4 c6 2.e4 d5 3.exd5 cxd5 4.d4 Nf6 5.Nc3 Nc6 6.Bg5 dxc4 7.d5 Na5 8.b4 cxb3
9.axb3 Bd7 10.Bd2 b6 11.b4 Nb7 12.Ba6 Nd6 13.Bf4 g5 14.Bxg5 Bg7 15.Rc1 b5
16.Be3 Ng4 17.Bd4 Rg8 18.Nf3 Bxd4 19.Qxd4 Qb6 20.Ra1 Rb8 21.O-O Nf6 22.Rfe1 Qxd4
23.Nxd4 Rg5 24.f4 Rxd5 25.Nxd5 Nxd5 26.Ra5 Nxf4 27.Re5 f6 28.Rc5 Nd3 29.Rc7 Nxb4
30.Rxa7 e5 31.Bxb5 Nxb5 32.Nxb5 Nc6 33.Ra8 Kf7 34.Rxb8 Nxa5 35.Nd6+ Kg6 36.Rg8+ Kh5
37.Rg7 Be6 38.Ne8 Kh6 39.Re7 Bc4 40.Nxf6 Kg6 41.Ng4  1-0

[Event "CRO-chT"]
[Site "Makarska Tucepi"]
[Date "1995.??.??"]
[Round "?"]
[White "Bukal, Vladimir Sr"]
[Black "Klaric, Zlatko"]
[Result "1/2-1/2"]
[WhiteElo "2430"]
[BlackElo "2440"]

1.c4 c6 2.d4 d5 3.e3 e6 4.Nf3 f5 5.Bd3 Nf6 6.O-O Be7 7.b3 O-O 8.Ba3 Bxa3
9.Nxa3 Qe7 10.Qc1 Ne4 11.Nc2 Nd7 12.Qa3 Qf6 13.Qb2 Ng5 14.Nxg5 Qxg5 15.Ne1 Qe7
16.f4 b6 17.Nf3 Bb7 18.b4 Rab8 19.c5 Ba8 20.Qc3 h6 21.h4 Kh8 22.g3 Rg8 23.Kg2 g6
24.Rfb1 Kh7 25.a4 Rgc8 26.a5 b5 27.a6 h5 28.Qd2 Kg7 29.Qe2 Rd8 30.Ra5 Rdc8
31.Rb3 Rd8 32.Nd2 Nf6 33.Nb1 Ne8 34.Nc3 Nc7 35.Rb1 Qd7 36.Nd1 Ne8 37.Nf2 Nf6
38.Rh1 Qc7 39.Qd1 Qd7 40.Be2 Rh8 41.Bf3 Rbd8 42.Ra2 Kf7 43.Nd3 Kg7 44.Kf1 Rdg8
45.Ne5 Qe8 46.Ke2 Kf8 47.Kd3 Kg7 48.Rg1 Rh6 49.Kc3 Rf8 50.Kb3 Qc8 51.Qa1 Qe8
52.Re2 Qc8 53.Qa5 Kh7 54.Nd3 Kg7 55.Nf2 Rhh8 56.Kc3 Rf7 57.Rb1 Rd8 58.Nh3 Re7
59.Rg2 Rh8 60.Kd3 Qd7 61.Rbg1 Rh6 62.Kc3 Re8 63.Nf2 Rf8 64.Qa2 Qc8 65.Nd3 Kh7
66.Ne5 Kg7  1/2-1/2

[Event "CRO-chT"]
[Site "Makarska Tucepi"]
[Date "1995.??.??"]
[Round "?"]
[White "Nikolac, Juraj"]
[Black "Markotic, Gordan"]
[Result "1-0"]
[WhiteElo "2460"]
[BlackElo "2330"]

1.c4 c6 2.Nf3 d5 3.e3 Nf6 4.Nc3 g6 5.cxd5 cxd5 6.Bb5+ Nbd7 7.d4 Bg7 8.Bd2 O-O
9.O-O a6 10.Bd3 b5 11.Qb3 Rb8 12.Nxd5 Nxd5 13.Qxd5 Bb7 14.Qg5 e5 15.Qxd8 Rfxd8
16.Ba5 e4 17.Bxd8 Rxd8 18.Be2 exf3 19.Bxf3 Bxf3 20.gxf3 f5 21.f4 Nb6 22.Rfc1 Rd6
23.Rc7 Nd5 24.Rc8+ Kf7 25.Rac1 Ne7 26.R1c7 h6 27.Ra8 g5 28.Raa7 Bf6 29.fxg5 hxg5
30.Rd7 Rxd7 31.Rxd7 a5 32.Rb7 b4 33.Rb5 Ke6 34.Rxa5 Nd5 35.Kg2 g4 36.h3 gxh3+
37.Kxh3 Be7 38.Kg2 Bd6 39.Kf3 Nb6 40.Ra6 Nc4 41.b3 Nd2+ 42.Ke2 Ne4 43.f3 Ng5
44.Ra5 Kf6 45.Rb5 Be7 46.Rb6+ Kf7 47.d5 Bc5 48.Rb5 Bd6 49.Rb6 Ke7 50.Rc6 Nf7
51.e4 Kf6 52.Ke3 f4+ 53.Kf2 Ke7 54.Kg2 Ne5 55.Ra6 Kd7 56.Ra7+ Kd8 57.Rh7 Kc8
58.Rh4 Nd3 59.Kf1 Kc7 60.Ke2 Nc1+ 61.Kd2 Nxa2 62.Rh5 Nc3 63.Kd3 Be7 64.Rf5 Bd6
65.e5 Bc5 66.Kc4 Be3 67.Rf7+ Kc8 68.d6  1-0

[Event "Makati op"]
[Site "Manila"]
[Date "1995.??.??"]
[Round "7"]
[White "Rahman, Ziaur"]
[Black "Villamayor, Bong"]
[Result "1-0"]
[WhiteElo "2465"]
[BlackElo "2280"]

1.c4 c6 2.e4 d5 3.cxd5 cxd5 4.exd5 Nf6 5.Qa4+ Nbd7 6.Bc4 g6 7.Nf3 Bg7 8.Nc3 O-O
9.d3 a6 10.Qa3 b6 11.O-O Bb7 12.Re1 b5 13.Bb3 Re8 14.Ng5 Qb6 15.Qb4 Qd6 16.Qh4 h5
17.Nxf7 Kxf7 18.Re6 Qc5 19.Be3 Qc8 20.d6 Kf8 21.Bf4  1-0

[Event "Capablanca mem"]
[Site "Matanzas"]
[Date "1995.??.??"]
[Round "2"]
[White "Nogueiras, Jesus"]
[Black "Hoffman, Alejandro"]
[Result "1-0"]
[WhiteElo "2550"]
[BlackElo "2515"]

1.c4 c6 2.Nf3 d5 3.e3 Nf6 4.Nc3 a6 5.d4 b5 6.b3 Bg4 7.Be2 Nbd7 8.O-O e6 9.Ne5 Bxe2
10.Nxe2 Nxe5 11.dxe5 Nd7 12.cxd5 cxd5 13.Bb2 Bc5 14.Nf4 O-O 15.Qg4 Re8 16.Rfd1 f5
17.exf6 Nxf6 18.Qg5 Qe7 19.Rac1 Rac8 20.Bxf6 Qxf6 21.Qxf6 gxf6 22.Rc2 Ba3
23.Rxc8 Rxc8 24.Nxe6 Rc2 25.g4 Kf7 26.Nf4 Rxa2 27.Rxd5 Rb2 28.Rd7+ Ke8 29.Rxh7 Rxb3
30.Ra7 Rb1+ 31.Kg2 b4 32.Rxa6 Bb2 33.Rb6 Ba1 34.h4 b3 35.h5 f5 36.g5 Bc3
37.h6 b2 38.Nd3  1-0

[Event "Capablanca mem-B"]
[Site "Matanzas"]
[Date "1995.??.??"]
[Round "6"]
[White "Paneque, Pedro"]
[Black "Hernandez, Roman"]
[Result "1/2-1/2"]
[WhiteElo "2405"]
[BlackElo "2435"]

1.c4 c6 2.d4 d5 3.cxd5 cxd5 4.Nc3 Nc6 5.Nf3 Nf6 6.Bf4 Bf5 7.e3 e6 8.Bb5 Bd6
9.Bxd6 Qxd6 10.O-O Bg4 11.Rc1 O-O 12.h3 Bxf3 13.Qxf3 Rac8 14.Qe2  1/2-1/2

[Event "Mitropa Cup"]
[Site "?"]
[Date "1995.??.??"]
[Round "5"]
[White "Jirovsky, Milos"]
[Black "Varga, Zoltan"]
[Result "1/2-1/2"]
[WhiteElo "2425"]
[BlackElo "2460"]

1.c4 c6 2.d4 d5 3.Nf3 dxc4 4.Nc3 b5 5.a4 b4 6.Nb1 e6 7.e3 Nf6 8.Bxc4 Nbd7
9.O-O Bb7 10.a5 Rc8  1/2-1/2

[Event "Montreal op"]
[Site "Montreal"]
[Date "1995.??.??"]
[Round "5"]
[White "Hergott, Deen"]
[Black "Berelovich, Aleksandar"]
[Result "1/2-1/2"]
[WhiteElo "2475"]
[BlackElo "2455"]

1.c4 c6 2.d4 Nf6 3.Nc3 d5 4.Nf3 Bf5 5.g3 e6 6.Bg2 h6 7.O-O Be7 8.Ne5 Nbd7
9.Qb3 Qb6 10.Nxd7 Nxd7 11.e4 dxe4 12.Nxe4 O-O 13.Be3 Qxb3 14.axb3 a6 15.Bf4 g5
16.Bd6 Bxe4 17.Bxe7 Bxg2 18.Kxg2 Rfe8 19.Bd6 e5 20.dxe5 Nxe5 21.Rad1 g4 22.h3 h5
23.hxg4 hxg4 24.Rd4 f5 25.Bxe5 Rxe5 26.Rd7 Re2 27.Rxb7 Rd8 28.Rc7 Rdd2 29.Rxc6 Kf7
30.Rxa6 Rxb2 31.Rb6 Rec2 32.c5 Rxc5 33.Ra1 Re2 34.Ra7+ Re7 35.Rxe7+ Kxe7
36.Kf1 Rc2 37.Rb4 Rb2 38.Rf4 Rb1+ 39.Ke2 Rb2+ 40.Ke1 Rxb3 41.Rxf5 Rb8 42.Ke2 Ke6
43.Rf4 Rg8 44.Ke3 Ke5 45.Ra4 Kf5 46.Ra5+ Kg6 47.Ra4 Kf5 48.Rf4+ Kg5 49.Ke4 Re8+  1/2-1/2

[Event "Moscow3"]
[Site "Moscow"]
[Date "1995.??.??"]
[Round "?"]
[White "Bezman, Vadim"]
[Black "Guliev, Sarhan"]
[Result "0-1"]
[WhiteElo "2385"]
[BlackElo "2470"]

1.c4 c6 2.d4 d5 3.Nf3 e6 4.e3 f5 5.Ne5 Nf6 6.f4 Be7 7.Be2 O-O 8.Nc3 Nbd7
9.O-O Nxe5 10.fxe5 Ne8 11.Rb1 g5 12.b4 a6 13.a4 Ng7 14.c5 Bd7 15.Bd2 Qe8
16.Bd3 Qg6 17.Ne2 h5 18.Rf2 h4 19.a5 Be8 20.Qc2 Qh6 21.Rbf1 Bh5 22.Nc1 Rf7
23.Be2 Bg6 24.Bd3 Raf8 25.Ne2 Nh5 26.Rf3 Rh7 27.Be1 Rhf7 28.Bd2 Ng7 29.R3f2 Bh5
30.Nc1 f4 31.exf4 gxf4 32.Ne2 Bg5 33.Qc1 Bxe2 34.Bxe2 Nf5 35.Qc3 Ng3 36.Re1 Ne4
37.Qd3 Nxd2  0-1

[Event "Moscow3"]
[Site "Moscow"]
[Date "1995.??.??"]
[Round "?"]
[White "Sichinava, Roman"]
[Black "Yagupov, Igor"]
[Result "1-0"]
[WhiteElo "2400"]
[BlackElo "2415"]

1.c4 c6 2.g3 d5 3.Bg2 Nf6 4.Qc2 e5 5.b3 d4 6.d3 Bf5 7.a3 a5 8.Nd2 Bc5 9.Ngf3 Nbd7
10.O-O O-O 11.Rb1 Qe7 12.Qb2 h6 13.b4 axb4 14.axb4 Bd6 15.c5 Bc7 16.Nc4 Nd5
17.Bd2 Bh7 18.Ra1 Rab8 19.Ra7 Kh8 20.Rc1 f5 21.Na5 Nc3 22.Bxc3 dxc3 23.Qxc3 e4
24.Nd4 Nf6 25.Nxb7 Nd5 26.Qa1 Qf6 27.Nd6 Bxd6 28.cxd6 Nxb4 29.dxe4 fxe4 30.Nxc6 Nxc6
31.Qxf6 Rxf6 32.Rxc6 Rb1+ 33.Bf1 Rd1 34.Rc8+ Bg8 35.Raa8 e3 36.Rxg8+ Kh7
37.f4 Rfxd6 38.Rge8 Re1 39.f5  1-0

[Event "Moscow6"]
[Site "Moscow"]
[Date "1995.??.??"]
[Round "2"]
[White "Donchenko, Anatoly G"]
[Black "Ljukin, Sergei"]
[Result "1-0"]
[WhiteElo "2405"]
[BlackElo "2415"]

1.c4 c6 2.d4 d5 3.Nf3 Nf6 4.Qc2 dxc4 5.Qxc4 e6 6.g3 b5 7.Qb3 Bb7 8.Bg2 Nbd7
9.O-O Be7 10.Bg5 O-O 11.Nbd2 a6 12.Ne5 Nxe5 13.dxe5 Nd7 14.Bxe7 Qxe7 15.f4 Nb6
16.Rac1 Rad8 17.Qe3 Nd5 18.Bxd5 Rxd5 19.Ne4 Qb4 20.Rc2 c5 21.Nxc5 Ba8 22.Rfc1 Qa5
23.a3 Qb6 24.b4 Qc6 25.Kf2 Rdd8 26.Rg1 h6 27.Rd2 a5 28.Qc3 axb4 29.axb4 Qb6
30.Rgd1 Rxd2 31.Qxd2 Qa7 32.Qd4 Qb6 33.Nd7 Qxd4+ 34.Rxd4 Re8 35.Rd6 Bd5 36.Ra6 Rd8
37.Ra7 Bc4 38.e4 Bb3 39.Ke3 Rc8 40.Nc5 Bc4 41.f5 Re8 42.Nd7 Rd8 43.g4 Bf1
44.h4 Rc8 45.g5 hxg5 46.hxg5 exf5 47.exf5 Bh3 48.e6 fxe6 49.f6 Rc3+ 50.Kd2 Rg3
51.Ra8+  1-0

[Event "Moscow op2"]
[Site "Moscow"]
[Date "1995.??.??"]
[Round "3"]
[White "Kostin, Alexey"]
[Black "Lastin, Alexander"]
[Result "0-1"]
[WhiteElo "2310"]
[BlackElo "2465"]

1.c4 c6 2.Nf3 Nf6 3.g3 d5 4.b3 e6 5.Bg2 a5 6.O-O a4 7.bxa4 Nbd7 8.d4 Qa5
9.cxd5 exd5 10.Qd3 Be7 11.Nc3 O-O 12.Bd2 Bb4 13.a3 Bxc3 14.Bxc3 Qxa4 15.Nd2 b6
16.Rfe1 Ba6 17.Qb1 Rfe8 18.e4 dxe4 19.Nxe4 Nxe4 20.Rxe4 Bc4 21.Rh4 Nf8 22.d5 Ng6
23.Rd4 c5 24.Re4 Rxe4 25.Bxe4 Re8 26.f3 b5 27.Qb2 Qa7 28.Rd1 Qd7 29.g4 Rxe4  0-1

[Event "Moscow-ch op"]
[Site "Moscow"]
[Date "1995.??.??"]
[Round "6"]
[White "Tarasenko, A."]
[Black "Izmukhambetov, Salauat"]
[Result "0-1"]
[WhiteElo "2250"]
[BlackElo "2435"]

1.c4 c6 2.d4 d5 3.e3 Bf5 4.cxd5 cxd5 5.Nc3 e6 6.Nf3 a6 7.Ne5 Nf6 8.g4 Be4
9.f3 Bg6 10.h4 h5 11.Nxg6 fxg6 12.Bd3 Kf7 13.g5 Ng8 14.e4 Bb4 15.Qc2 Ne7
16.Be3 Nbc6 17.exd5 Qxd5 18.Kf2 Qd7 19.Rad1 Rad8 20.a3 Bd6 21.Be4 Nf5 22.Bxf5 gxf5
23.d5 Ne5 24.Qb3 b5 25.Rhe1 Rhe8 26.Bd4 Nc4 27.g6+ Kg8 28.dxe6 Rxe6 29.a4 Rxe1
30.Rxe1 Be7 31.Rd1 Qe6 32.Ne2 Bxh4+ 33.Kf1 Nd2+  0-1

[Event "Moscow op2"]
[Site "Moscow"]
[Date "1995.??.??"]
[Round "6"]
[White "Yasinsky, V."]
[Black "Frog, Ilya"]
[Result "1/2-1/2"]
[WhiteElo "2380"]
[BlackElo "2295"]

1.c4 c6 2.d4 d5 3.Nc3 Nf6 4.Nf3 Qb6 5.Qc2 Bg4 6.c5 Qc7 7.Ne5 Nbd7 8.Nxg4 Nxg4
9.e4 e5 10.exd5 exd4 11.d6 Qa5 12.Qe4+ Nge5 13.Qxd4 Qxc5 14.Be3 Qxd6 15.O-O-O Qxd4
16.Bxd4 O-O-O 17.f4 Ng6 18.g3 b6 19.Bh3 Kc7 20.Rhe1 f6 21.Bg2 Bd6 22.Re6 Nb8
23.a3 Ne7 24.Bf2 Nc8 25.Rde1 Rd7 26.Ne4 Rhd8 27.Bh3 Bf8 28.g4 Re7 29.g5 Rxe6
30.Bxe6 Nd6 31.gxf6 Nxe4 32.Rxe4 gxf6 33.Bh4 Re8 34.Bxf6 Nd7 35.Bd4 Bh6 36.Kc2 Bxf4
37.h4 Kd6 38.Bf5 Rxe4 39.Bxe4 h6 40.h5 Bg5 41.Bg7 Nc5 42.Bf3 Ne6 43.Bc3 Bf4
44.Bg4 Be5 45.Bd2 Bg7 46.Be1 Nd4+ 47.Kd3 Ne6 48.b3 Nc5+ 49.Kc2 Ne4 50.Bf3 Ng5
51.Bg3+ Be5 52.Bxe5+ Kxe5 53.Bxc6 Kd4 54.Be8 Ne4 55.b4 Nf6 56.Bf7 Ne4 57.Kb3 Nd2+
58.Kc2 Nc4 59.Kb3 Nd6 60.Bg6 Ke3 61.Kc3 Nb5+ 62.Kb3 Kd2 63.Be8 Nd6 64.Bg6 Ke2
65.Kc2 Ke3 66.Kc3 Kf4 67.Kd3 Ke5 68.Kc3 Kf4 69.Bd3 b5 70.Bg6 Ke5 71.Bd3 Kd5
72.Bg6 Ne4+ 73.Kd3 Nd6 74.Kc3 Ne4+ 75.Kd3 Nf6 76.Kc3 Ke5 77.Kd3 Nd5 78.Be8 Nc7
79.Bg6 Kd5 80.Be4+ Kd6 81.Bg6 Ke5 82.Kc3 Nd5+ 83.Kb3 Nf6 84.Kc3 Ne4+ 85.Kd3 Nd6
86.Kc3 a6 87.Kb3 Kd4 88.a4 Ke3  1/2-1/2

[Event "Moscow op2"]
[Site "Moscow"]
[Date "1995.??.??"]
[Round "6"]
[White "Vaulin, Alexander"]
[Black "Perevertkin, Vladimir"]
[Result "1/2-1/2"]
[WhiteElo "2490"]
[BlackElo "2320"]

1.c4 c6 2.d4 d5 3.Nf3 Nf6 4.Nc3 dxc4 5.g3 e6 6.Bg2 Be7 7.Ne5 O-O 8.O-O Nbd7
9.Nxc4 Nb6 10.Ne5 Nfd7 11.Nf3 Nd5 12.Bd2 b6 13.e4 Nxc3 14.Bxc3 Bb7 15.Qc2 c5
16.d5 exd5 17.exd5 Bxd5 18.Rad1 Be6 19.Ne5 Qc7 20.Nxd7 Bxd7 21.Bxa8 Rxa8
22.Qe4 Re8 23.Qe5 Qxe5 24.Bxe5 Be6 25.a3 Rc8 26.Kg2 h5 27.h3 b5 28.f3 a5
29.g4 hxg4 30.hxg4 c4 31.Kg3 b4 32.axb4 axb4 33.Ra1 c3 34.bxc3 bxc3 35.Ra7 c2
36.Rc7 Rxc7 37.Bxc7 f5 38.Bb6 Bc4 39.Rc1 Bd3 40.Be3 Bf6 41.Kf2  1/2-1/2

[Event "Moscow PCA-Intel qual"]
[Site "Moscow"]
[Date "1995.??.??"]
[Round "8"]
[White "Arbakov, Valentin"]
[Black "Totsky, Leonid"]
[Result "0-1"]
[WhiteElo "2500"]
[BlackElo "2455"]

1.c4 c6 2.d4 d5 3.Nf3 Nf6 4.Nc3 dxc4 5.a4 Bf5 6.e3 e6 7.Bxc4 h6 8.O-O Bb4
9.Bd2 O-O 10.Ne2 Be7 11.Ng3 Bh7 12.b4 Nbd7 13.Qb3 Bd6 14.b5 c5 15.Rfd1 cxd4
16.Nxd4 Nc5 17.Qa2 Qe7 18.Be1 Rac8 19.Rac1 Kh8 20.a5 Bg6 21.f3 Nd3 22.Bxd3 Rxc1
23.Rxc1 Bxd3 24.Qb3 Bg6 25.e4 h5 26.a6 bxa6 27.Nc6 Qc7 28.bxa6 h4 29.Nf1 h3
30.e5 Bxe5 31.Ba5 Bd4+ 32.Kh1 hxg2+ 33.Kxg2 Qf4 34.Bd2 Qh4 35.Ng3 Bf5 36.Qb4 Qh3+
37.Kh1 Bf2 38.Qxf8+ Kh7 39.Rg1 Nh5 40.Bf4 Bxg3 41.Qxg7+ Nxg7 42.Bxg3 Nh5
43.Nd4 Nxg3+ 44.Rxg3 Qf1+ 45.Rg1 Qd3 46.Nxf5 Qxf3+ 47.Rg2 Qxf5  0-1

[Event "Nagykanizsa op "]
[Site "Nagykanizsa"]
[Date "1995.??.??"]
[Round "?"]
[White "Zemerov, Vladimir"]
[Black "Tomcsanyi, Peter"]
[Result "1-0"]
[WhiteElo "2430"]
[BlackElo "2260"]

1.c4 c6 2.e4 d5 3.exd5 cxd5 4.cxd5 Nf6 5.Nc3 Nxd5 6.Nf3 e6 7.d4 Nc6 8.Bd3 Be7
9.O-O O-O 10.Re1 Bf6 11.Be4 Nxc3 12.bxc3 Bd7 13.Rb1 Na5 14.Ba3 Re8 15.Bxb7 Nxb7
16.Rxb7 Qc8 17.Qb3 Bc6 18.Rb4 a5 19.Rc4 Qa6 20.Rc5 Reb8 21.Qc2 Bxf3 22.gxf3 Be7
23.Rh5 Bxa3 24.Qxh7+ Kf8 25.Rg5 Qd6 26.d5 Qf4 27.Qxg7+ Ke7 28.dxe6 Rh8 29.exf7+ Kd6
30.f8=Q+ Raxf8 31.Rd1+ Ke6 32.Rg6+ Rf6 33.Qd7+ Ke5 34.Qd5+  1-0

[Event "Namses op"]
[Site "Namses"]
[Date "1995.??.??"]
[Round "?"]
[White "Storland, Knut H"]
[Black "Andersen, Ole Bo"]
[Result "0-1"]
[WhiteElo "2215"]
[BlackElo "2085"]

1.c4 c6 2.d4 d5 3.Nf3 Nf6 4.Nc3 a6 5.c5 g6 6.Bf4 Bg7 7.e3 Bg4 8.Qb3 Qc8 9.Ne5 Nbd7
10.h3 Be6 11.Be2 Ne4 12.Nxd7 Bxd7 13.Na4 e5 14.dxe5 Qc7 15.Nb6 Be6 16.Qb4 Rd8
17.Qd4 Qe7 18.Rc1 f6 19.exf6 Bxf6 20.Be5 O-O 21.Bxf6 Rxf6 22.Bf3 Ng5 23.Bg4 Bxg4
24.hxg4 Re6 25.O-O Re4 26.Qd1 Re8 27.Re1 Qe6 28.f3 Rxe3 29.Kf2 Qe5 30.Qd2 Nh3+
31.Kf1 Qh2 32.Qxe3 Rxe3 33.Rxe3 Qg1+ 34.Ke2 Nf4+ 35.Kd2 Qf2+  0-1

[Event "JUG-chT"]
[Site "Nis"]
[Date "1995.??.??"]
[Round "?"]
[White "Damljanovic, Branko"]
[Black "Lazic, Miroljub"]
[Result "1-0"]
[WhiteElo "2575"]
[BlackElo "2450"]

1.c4 c6 2.e4 d5 3.exd5 cxd5 4.d4 Nf6 5.Nc3 Nc6 6.Nf3 e6 7.cxd5 Nxd5 8.Bd3 Be7
9.O-O O-O 10.Re1 Bf6 11.Be4 Nxc3 12.bxc3 Qc7 13.Qd3 g6 14.Bh6 Rd8 15.Rad1 Bd7
16.Ng5 Qa5 17.h4 Bg7 18.Bxg7 Kxg7 19.Qg3 Be8 20.Bxc6 bxc6 21.h5 Qf5 22.Re5 Qf6
23.h6+ Kg8 24.c4 Rd7 25.d5 Rad8 26.Ne4  1-0

[Event "JUG-chT"]
[Site "Nis"]
[Date "1995.??.??"]
[Round "?"]
[White "Tosic, Miroslav"]
[Black "Stojanovic, Mihajlo"]
[Result "0-1"]
[WhiteElo "2420"]
[BlackElo "2355"]

1.c4 c6 2.Nf3 d5 3.e3 Nf6 4.Nc3 Nbd7 5.cxd5 cxd5 6.d4 e6 7.Bd3 b6 8.Bd2 Bb7
9.Rc1 a6 10.O-O Bd6 11.Qc2 Rc8 12.Qb1 O-O 13.a3 Qe7 14.Na2 e5 15.dxe5 Nxe5
16.Nd4 Ne4 17.Bxe4 dxe4 18.Rxc8 Rxc8 19.Bb4 Nf3+ 20.Nxf3 exf3 21.Qf5 fxg2
22.Rd1 Bxh2+ 23.Kxh2 Qh4+ 24.Qh3 g1=Q+ 25.Rxg1 Qxf2+ 26.Rg2 Qxg2+ 27.Qxg2 Bxg2
28.Kxg2 Rc2+ 29.Kf3 Rxb2 30.Nc1 f6 31.Nd3 Rb1 32.Ke2 Kf7 33.Kd2 h5 34.Kc2 Rf1
35.Kd2 g5 36.Ke2 Ra1 37.e4 Ke6 38.Nf2 a5 39.Bf8 Rc1 40.Bg7 Kf7 41.Bh6 Rc8
42.e5 Rh8  0-1

[Event "NOR-ch"]
[Site "?"]
[Date "1995.??.??"]
[Round "2"]
[White "Hagesaether, Paal Vegard"]
[Black "Grotnes, Nils"]
[Result "1/2-1/2"]
[WhiteElo "2150"]
[BlackElo "2325"]

1.c4 c6 2.Nf3 d5 3.b3 Bf5 4.Bb2 e6 5.g3 Nf6 6.Bg2 Nbd7 7.O-O h6 8.d4 Be7
9.Nbd2 O-O 10.Ne5 Nxe5 11.dxe5 Nd7 12.cxd5 exd5 13.e4 dxe4 14.Nxe4 Nc5 15.Nd6 Bxd6
16.Qxd6 Qxd6 17.exd6 Nd3 18.Ba3 Rfe8 19.Rfd1 Rad8 20.Rd2 Ne1 21.Rc1 Nxg2  1/2-1/2

[Event "Novgorod op"]
[Site "Novgorod"]
[Date "1995.??.??"]
[Round "5"]
[White "Sokolov, Andrei"]
[Black "Svirin, O."]
[Result "1/2-1/2"]
[WhiteElo "2520"]
[BlackElo "2420"]

1.c4 c6 2.e4 e5 3.Nf3 Qa5 4.Nc3 Nf6 5.Be2 Bb4 6.Qc2 O-O 7.O-O Re8 8.a3 Bf8
9.b4 Qd8 10.d4 exd4 11.Nxd4 a5 12.b5 d5 13.exd5 cxd5 14.cxd5 Nxd5  1/2-1/2

[Event "Novgorod op"]
[Site "Novgorod"]
[Date "1995.??.??"]
[Round "5"]
[White "Ilinsky, Vladimir"]
[Black "Dmitriev, Igor"]
[Result "0-1"]
[WhiteElo "2355"]
[BlackElo "2435"]

1.c4 c6 2.Nf3 d6 3.d4 Nf6 4.Nc3 Bg4 5.e4 Nbd7 6.Be2 e5 7.Be3 Be7 8.O-O O-O
9.Qc2 a6 10.a4 a5 11.Rad1 Qc7 12.h3 Bh5 13.g4 Bg6 14.Nh4 Rfe8 15.Nf5 exd4
16.Rxd4 Bf8 17.Rfd1 Nc5 18.Bf3 Rad8 19.Bg2 Rd7 20.R4d2 Bxf5 21.exf5 Rde7
22.Rd4 h6 23.Bf3 Rxe3 24.fxe3 Rxe3 25.Qf2 Re8 26.Re1 Rxe1+ 27.Qxe1 Qb6 28.Qf2 d5
29.Kg2 Nb3 30.Rd1 Bc5 31.Qf1 Nd4 32.Rb1 Nxf3 33.Kxf3 d4 34.b4 axb4 35.Ne4 Nxe4
36.Kxe4 Qa5 37.f6 g6 38.Qd1 Qd8 39.Qf3 d3 40.Qxd3 Qxf6 41.Rf1 Qb2 42.Rf3 Kg7
43.Kf4 Qc1+ 44.Kg3 Qe1+  0-1

[Event "Novgorod op"]
[Site "Novgorod"]
[Date "1995.??.??"]
[Round "8"]
[White "Levin, Felix"]
[Black "Volkov, Sergey"]
[Result "0-1"]
[WhiteElo "2490"]
[BlackElo "2380"]

1.c4 c6 2.e4 e5 3.Nf3 Qa5 4.Nc3 Bb4 5.Be2 Nf6 6.Qc2 O-O 7.O-O Re8 8.Re1 Na6
9.a3 Bxc3 10.dxc3 Qd8 11.Bg5 Nc5 12.Bf1 a5 13.b4 axb4 14.cxb4 Ne6 15.Bxf6 Qxf6
16.c5 d6 17.cxd6 Nf4 18.Qc5 Bg4 19.Nd2 Ne6 20.Qc3 Nd4 21.h3 Bc8 22.Nb3 Qxd6
23.Red1 Rd8 24.f4 f6 25.Bc4+ Kh8 26.Nxd4 exd4 27.Qg3 Be6 28.e5 fxe5 29.fxe5 Qe7
30.Bxe6 Qxe6 31.Qf4 d3 32.Qe4 Qb3 33.e6 Rxa3 34.e7 Re8 35.Rxa3 Qxd1+ 36.Kh2 Qe2
37.Qxd3 Qxe7 38.Qd4 h6 39.Rf3 Qe5+ 40.Qxe5 Rxe5 41.g4 Kg8 42.Rf4 g5 43.Rd4 Rd5
44.Re4 Kf7 45.Kg3 Kf6 46.Kf3 Rd3+ 47.Kg2 Rb3 48.Kh2 Rc3 49.Kg2 Rd3 50.Kh2 Rd5
51.Kg2 Re5 52.Rd4 Ke6 53.Rd8 Rb5 54.Rh8 Rxb4 55.Rxh6+ Ke5 56.Rg6 Kf4 57.Rf6+ Ke4
58.Rf2 c5 59.h4 gxh4 60.Kh3 Rb1 61.Rc2 Kd4 62.Kxh4 Rh1+ 63.Kg3 Rg1+ 64.Kf4 b5  0-1

[Event "JUG-ch"]
[Site "Novi Sad"]
[Date "1995.??.??"]
[Round "?"]
[White "Drasko, Milan"]
[Black "Matulovic, Milan"]
[Result "1/2-1/2"]
[WhiteElo "2510"]
[BlackElo "2445"]

1.c4 c6 2.d4 Nf6 3.Nf3 d5 4.Qc2 dxc4 5.Qxc4 Bf5 6.Nc3 e6 7.g3 Nbd7 8.Bg2 Be7
9.O-O O-O 10.e3 Ne4 11.Qe2 Nxc3 12.bxc3 Be4 13.a4 c5 14.Bb2 Qc7  1/2-1/2

[Event "JUG-ch"]
[Site "Novi Sad"]
[Date "1995.??.??"]
[Round "?"]
[White "Barlov, Dragan"]
[Black "Kosic, Dragan"]
[Result "0-1"]
[WhiteElo "2485"]
[BlackElo "2500"]

1.c4 c6 2.e4 d5 3.exd5 cxd5 4.d4 Nf6 5.Nc3 e6 6.Nf3 Bb4 7.cxd5 Nxd5 8.Bd2 Nc6
9.a3 Nxc3 10.bxc3 Be7 11.Bf4 O-O 12.Bd3 Bf6 13.O-O b6 14.Qc2 g6 15.Be4 Bb7
16.Rad1 Qc8 17.c4 Na5 18.Bxb7 Qxb7 19.Bd2 Qa6 20.Bxa5 Qxa5 21.Qb3 Rfd8 22.d5 exd5
23.cxd5 Rac8 24.Rd3 Rc3 25.Rxc3 Qxc3 26.Qa4 Rxd5 27.Qxa7 Qc6 28.h3 Kg7 29.Rb1 b5
30.Qe3 h6 31.Rc1 Qd7 32.Rb1 Qf5 33.Qe1 Rd3 34.Qf1 Be7 35.Ne1 Rd5 36.Ra1 Bf6
37.Ra2 Rd1 38.Re2  0-1

[Event "JUG-ch"]
[Site "Novi Sad"]
[Date "1995.??.??"]
[Round "?"]
[White "Mozetic, Dejan"]
[Black "Matulovic, Milan"]
[Result "0-1"]
[WhiteElo "2540"]
[BlackElo "2445"]

1.c4 c6 2.d4 Nf6 3.Nc3 d5 4.e3 g6 5.Nf3 Bg7 6.Be2 O-O 7.O-O Ne4 8.Nxe4 dxe4
9.Nd2 f5 10.f3 e5 11.d5 exf3 12.gxf3 Qg5+ 13.Kh1 Qxe3 14.Nb3 Qb6 15.Bg5 cxd5
16.cxd5 Bf6 17.Bxf6 Qxf6 18.d6 Rd8 19.Qd5+ Kg7 20.Rfd1 Nc6 21.Nc5 Nd4 22.d7 Bxd7
23.Nxd7 Qe7 24.Rxd4 exd4 25.Qxd4+ Kh6 26.Qd2+ Kg7 27.Qc3+ Kh6 28.Ne5 Rac8
29.Qe3+ Kg7 30.Rd1 Qc5 31.Qxc5 Rxd1+ 32.Bxd1 Rxc5 33.Nd3 Rc4 34.Kg2 Rd4 35.Be2 g5
36.Kf2 Kf6 37.Ke3 Rh4 38.Nc5 b6 39.Nd7+ Ke6 40.Nb8 Rxh2 41.Nc6 a5 42.a4 f4+
43.Kd3 h5 44.b4 axb4 45.Nxb4 h4 46.Nc2 Rh1  0-1

[Event "Novosibirsk"]
[Site "Novosibirsk"]
[Date "1995.??.??"]
[Round "10"]
[White "Ehlvest, Jaan"]
[Black "Kharlov, Andrei"]
[Result "1-0"]
[WhiteElo "2630"]
[BlackElo "2555"]

1.c4 c6 2.Nf3 d5 3.d4 Nf6 4.Nc3 e6 5.Bg5 h6 6.Bxf6 Qxf6 7.e3 Nd7 8.Bd3 dxc4
9.Bxc4 g6 10.O-O Bg7 11.h3 O-O 12.e4 e5 13.d5 Nb6 14.Bb3 Rd8 15.Qe2 Bf8 16.Rac1 Bd7
17.Rfd1 Be8 18.a3 Kg7 19.Ba2 Rac8 20.Qe3 c5 21.Qe2 c4 22.Nd2 Bc5 23.Rf1 Rc7
24.Nxc4 Nxc4 25.Bxc4 Rdc8 26.Bb5 Bxb5 27.Qxb5 Qf4 28.Qe2 Bd4 29.Rc2 Rc5 30.Rd1 a6
31.Rd3 h5 32.g3 Qf6 33.h4 Qd6 34.Qf3 R8c7 35.Kg2 Rc4 36.Qd1 b5 37.Qf3 Qc5
38.Qd1 Qd6 39.Qf3 Qc5 40.g4 hxg4 41.Qxg4 Qd6 42.Qg3 b4 43.axb4 Rxb4 44.Re2 Rcc4
45.Kf1 Qb8 46.h5 Rxb2 47.hxg6 fxg6 48.Rxb2 Qxb2 49.Ne2 Bxf2 50.Kxf2 Rxe4
51.Re3 Qb6 52.Nc3 Rf4+ 53.Kg2 Qb4 54.Qe1 Rg4+ 55.Kh3 Qf4 56.Ne4 Qf5 57.Kh2 g5
58.Ng3 Rh4+ 59.Kg1 Qc2 60.Re2 Qc5+ 61.Rf2 Rf4 62.Nh5+  1-0

[Event "Odorheiu Secuiesc zt"]
[Site "Odorheiu Secuiesc"]
[Date "1995.??.??"]
[Round "5"]
[White "Jirovsky, Milos"]
[Black "Georgiev, Vladimir"]
[Result "1-0"]
[WhiteElo "2425"]
[BlackElo "2450"]

1.c4 c6 2.d4 d5 3.Nc3 Nf6 4.Nf3 e6 5.cxd5 exd5 6.Qc2 Na6 7.Bg5 Nb4 8.Qd2 Bf5
9.Rc1 h6 10.Bxf6 Qxf6 11.e3 a5 12.a3 Na6 13.Bd3 Bd6 14.Bxf5 Qxf5 15.Qc2 Qh5
16.h3 O-O 17.g4 Qg6 18.Nh4 Qf6 19.Nf5 g6 20.Nxd6 Qxd6 21.Ne2 Rfe8 22.h4 Re4
23.h5 g5 24.Ng3 Rxg4 25.Nf5 Qe6 26.Kf1 Re4 27.Ng3 Rg4 28.Nf5 Re4 29.Ng3 Rh4
30.Rxh4 gxh4 31.Nf5 Kh8 32.Ke2 h3 33.Rh1 Rg8 34.Rxh3 Rg5 35.Rf3 Rxh5 36.Ng3 Rg5
37.Rf4 Nc7 38.Qc5 Kg7 39.Qxa5 Ne8 40.Qd8 Nf6 41.Qc7 b5 42.b3 Ne4 43.Rf3 Nc3+
44.Kf1 Nb1 45.Kg2 Nxa3 46.Qa5 Nb1 47.Rf4 Qg6 48.Kh2 h5 49.Qc7 Nd2 50.Qe7 Rg4
51.Qe5+ Kg8 52.Rf6 Qg7 53.Qe8+ Qf8 54.Qxf8+ Kxf8 55.Rxc6 Rg5 56.Kh3 Kg7 57.f4 Rg6
58.Rc2 Nxb3 59.Rb2  1-0